Novelas y cuentos (Registro nro. 19529)

Detalles MARC
000 -CABECERA
Longitud fija campo de control 01004nam a22002897a 4500
003 - IDENTIFICADOR DELl NÚMERO DE CONTROL
Identificador del número de control OSt
005 - FECHA Y HORA DE LA ÚLTIMA TRANSACCIÓN
Fecha y hora de la última transacción 20151116163605.0
008 - CÓDIGOS DE INFORMACIÓN DE LONGITUD FIJA
Códigos de información de longitud fija 150313b xxu||||| |||| 00| 0 eng d
040 ## - FUENTE DE LA CATALOGACIÓN
Centro transcriptor BMC
082 ## - NÚMERO DE LA CLASIFICACIÓN DECIMAL DEWEY
Númeroo de clasificación 891.7
082 ## - NÚMERO DE LA CLASIFICACIÓN DECIMAL DEWEY
Númeroo de clasificación 808.06847
100 1# - PUNTO DE ACCESO PRINCIPAL-NOMBRE DE PERSONA
9 (RLIN) 133
Nombre de persona Dostoevskiï, Fiodor Mijaïlovich
Fechas asociadas al nombre 1821-1881
245 10 - MENCIÓN DE TÍTULO
Título Novelas y cuentos
Mención de responsabilidad, etc. Dostoiewsky y Tolstoy ; Estudios preliminares por Ignacio Millán y José E. Iturriaga ; traduciones de Ricardo Baeza, Alfonso Nadal y Vera Macarov
250 ## - MENCIÓN DE EDICIÓN
Mención de edición [3ª ed.]
260 ## - PUBLICACIÓN, DISTRIBUCIÓN, ETC. (PIE DE IMPRENTA)
Lugar de publicación, distribución, etc. Buenos Aires [etc]
Nombre del editor, distribuidor, etc. W. M. Jackson
Fecha de publicación, distribución, etc. [1956]
300 ## - DESCRIPCIÓN FÍSICA
Extensión LX, 377 p.
Dimensiones 21 cm
490 ## - MENCIÓN DE SERIE
Mención de serie Clásicos Jackson
Designación de volumen o secuencia XXXVIII
650 24 - PUNTO DE ACCESO ADICIONAL DE MATERIA - TÉRMINO DE MATERIA
9 (RLIN) 29314
Término de materia o nombre geográfico como elemento inicial Novela rusa
650 24 - PUNTO DE ACCESO ADICIONAL DE MATERIA - TÉRMINO DE MATERIA
9 (RLIN) 29351
Término de materia o nombre geográfico como elemento inicial Cuentos rusos
700 1# - PUNTO DE ACCESO ADICIONAL - NOMBRE DE PERSONA
Nombre de persona Tolstoï, Lev Nikolaevich
Fechas asociadas al nombre 1828-1910
9 (RLIN) 29324
700 1# - PUNTO DE ACCESO ADICIONAL - NOMBRE DE PERSONA
Nombre de persona Millán, Ignacio
9 (RLIN) 32654
700 1# - PUNTO DE ACCESO ADICIONAL - NOMBRE DE PERSONA
Nombre de persona Iturriaga, José E.
9 (RLIN) 9194
700 1# - PUNTO DE ACCESO ADICIONAL - NOMBRE DE PERSONA
Nombre de persona Baeza, Ricardo
Fechas asociadas al nombre 1890-1956
9 (RLIN) 206
700 1# - PUNTO DE ACCESO ADICIONAL - NOMBRE DE PERSONA
Nombre de persona Nadal, Alfonso
9 (RLIN) 32653
700 1# - PUNTO DE ACCESO ADICIONAL - NOMBRE DE PERSONA
Nombre de persona Macarov, Vera
9 (RLIN) 32655
942 ## - ENTRADA DE ELEMENTOS AGREGADOS (KOHA)
Fuente de clasificaión o esquema Dewey Decimal Classification
Koha [por defecto] tipo de item 1- Monografias
Parte de clasificación ahoj
Existencias
Suprimido Perdido Fuente de clasificación o esquema Estropeado Restricciones de uso No para préstamo Código de colección Localización permanente Localización actual Localización en estanter&íacute;as Fecha adquisición Fuente de adquisición Número de inventario Préstamos totales Renovaciones totales Signatura completa Código de barras Fecha última consulta Fecha último préstamo Coste, precio reemplazado Fecha del precio de reemplazo Tipo de item de Koha
NULL NULL Dewey Decimal Classification NULL Prestable NULL NULL Biblioteca Miguel de Cervantes - UNICAES Biblioteca Miguel de Cervantes - UNICAES Sala Principal 14/03/2015 Donación - Marco Rene Revelo 029013 1 1 N DOS nov 1029632 17/07/2023 13/07/2023 24.00 14/03/2015 1- Monografias